01183nam a2200193Ia 4500001001100000003001000011008004100021040002500062041001200087100002600099245011800125250001100243260006200254300001300316500026400329501011400593520026400707650001800971A262-35232IT-CnALBA170116s9999||||xx |||||||||||||| ||und|| aIT-CnALBAcIT-CnALBA aLATINO  aLANCELLOTTI G. PAULUS 0aCORPUS JURIS CANONICI EMENDATUM ET NOTIS ILLUSTRATUM. TOMUS I EMENDATUM ET NOTIS ILLUSTRATUM. LIBER VII DECRETAL  a1a ed. aTORINObREGIA TYPOGRAPHIA OFFICINA. c1776 [1° Ed.:1776] a1279 p.  a... ET INSTITUTIONIBUS. CATALOGO DEI PONTEFICI E CONCILI FINO AL 1769. INDICE ANALITICO. DIRITTO UMANO E DIVINO. LEGGE. PLEBISCITO. COSTITUZIONE. PRIVILEGIO. VERITÀ RIVELATA. PRECEDENZA ALLA VERITÀ RIVELATA. SIMONIA. SACRAMENTI DEGLI ERETICI. APPELLO. ACC aSocietà San Paolo EM - Piazza San Paolo, 14 - 12051 ALBA (CN) (non commercial uses only) ® Copyright 2017 a... ET INSTITUTIONIBUS. CATALOGO DEI PONTEFICI E CONCILI FINO AL 1769. INDICE ANALITICO. DIRITTO UMANO E DIVINO. LEGGE. PLEBISCITO. COSTITUZIONE. PRIVILEGIO. VERITÀ RIVELATA. PRECEDENZA ALLA VERITÀ RIVELATA. SIMONIA. SACRAMENTI DEGLI ERETICI. APPELLO. ACC aECCLESIOLOGIA